Asian Capitals by First Two Letters - Statistics

General Stats
  • This quiz has been taken 5,325 times
  • The average score is 37 of 48
Answer Stats
Country Capital % Correct
Iraq Baghdad
97%
Azerbaijan Baku
97%
Brunei Bandar Seri Begawan
97%
Thailand Bangkok
97%
China Beijing
95%
Lebanon Beirut
95%
Afghanistan Kabul
94%
Nepal Kathmandu
94%
Japan Tokyo
92%
Maldives Malé
91%
Bahrain Manama
91%
Philippines Manila
91%
India New Delhi
89%
Malaysia Kuala Lumpur
86%
Kuwait Kuwait City
86%
Israel Jerusalem
83%
Iran Tehran
83%
Indonesia Jakarta
82%
South Korea Seoul
80%
Cyprus Nicosia
77%
Jordan Amman
76%
Armenia Yerevan
76%
Bangladesh Dhaka
75%
North Korea Pyongyang
74%
Taiwan Taipei
74%
Uzbekistan Tashkent
74%
Singapore Singapore
73%
Georgia Tbilisi
73%
Mongolia Ulaanbaatar
73%
Turkmenistan Ashgabat
72%
Kazakhstan Astana
72%
Qatar Doha
72%
Saudi Arabia Riyadh
72%
Cambodia Phnom Penh
71%
East Timor Dili
70%
Pakistan Islamabad
70%
Syria Damascus
68%
Kyrgyzstan Bishkek
66%
Laos Vientiane
66%
Bhutan Thimphu
65%
Turkey Ankara
64%
Oman Muscat
64%
Vietnam Hanoi
59%
Sri Lanka Sri Jayawardenapura Kotte
58%
Myanmar Naypyidaw
57%
Tajikistan Dushanbe
55%
United Arab Emirates Abu Dhabi
53%
Yemen Sana'a
53%
No matching quizzes found
Score Distribution
Percent of People with Each Score
Percentile by Number Answered
Your Score History
You have not taken this quiz